Rock Me - One Direction (All Lyrics) - Statistics

General Stats
  • This quiz has been taken 164 times
  • The average score is 326 of 371
Answer Stats
Lyrics % Correct
r
99%
you
99%
the
98%
c
97%
I
97%
i
97%
do
96%
o
96%
remember
96%
summer
96%
to
96%
me,
95%
me
95%
rock
95%
want
95%
09?
94%
09
94%
go
92%
go?
92%
go)
92%
hit
90%
metal
89%
metal,
89%
ever
88%
heavy
88%
show
88%
was
88%
k
87%
night
86%
yeah
86%
yeah,
86%
every
85%
let
85%
(let
85%
my
85%
my,
85%
wanna
85%
of
84%
pedal
84%
us
84%
best
83%
life
83%
alone
82%
alone)
82%
that
82%
time
82%
back
81%
better
81%
(better
81%
care
81%
think
81%
we
81%
used
79%
there
77%
will
77%
always
76%
at
75%
can't
75%
just
74%
as
73%
believe
73%
lie
73%
did
72%
sea
72%
sea)
72%
why
72%
words
72%
moonlight
70%
never
70%
oh,
70%
were
70%
whispered
69%
again
68%
again,
68%
down
68%
and
66%
could
66%
sun
66%
under
66%
on
65%
out
62%
together
62%
playing
61%
stared
61%
(stared
61%
by
60%
fire
59%
too
59%
said
57%
guitar
56%
like
56%
beach
55%
they
55%
goodbye
54%
loud
54%
rewind
53%
mine
52%
lying
50%
shut
50%
blew
49%
this
47%
pressing
29%
roll
27%
No matching quizzes found
Score Distribution
Percent of People with Each Score
Percentile by Number Answered
Your Score History
You have not taken this quiz